00856nam a2200217 a 4500001001000000003000900010005001700019007000300036008004100039040002500080082002000105245011700125260005500242300002000297500006000317590002700377910001400404942001400418952018900432999001700621000033147DO-SdBNP20240313175707.0ta110818s1914 dr 000 0 spa d aDO-SdBNPbspacBNPHU 4axxxxbH765e22200aSolemnidad patriótica /c Homenaje a Enrique Deschamps celebrado en el hotel Ritz el día 9 de enero de 1914. a[Santo Domingo] :bImp. Fortanet. Libertad,c1914. a101 p. ;c19 cm aCelebrado en el Hotel Ritz el día 9 de enero de 1914. aInventariado, 2022/ YL aYLockward 2ddccLBS1 00102ddc51708PD-RVaBNPHUbBNPHUcHDd2011-08-18iLF1oxxxx R426hp33147-10r2020-06-25w2020-06-25yLBS1zPerteneció a la biblioteca personal de Federico Henríquez y Carvajal c32638d32638